000
00316nam a2200121 a 4500
005
20140414131923.0
008
101026s19uu xx 00 eng d
050
_a
ER
_b
T49 1995
100
_a
Vaughan, Marcia
245
_a
Tingo tango mango tree.
260
_a
New Jersey :
_b
Silver Burdette,
_c
1995.
999
_c
111860
_d
111860